De la colonia a la revolución
I tiakina i:
| Kaituhi matua: | |
|---|---|
| Hōputu: | Pukapuka |
| Reo: | Pāniora |
| I whakaputaina: |
Buenos Aires
Leviatan
1957
|
| Putanga: | 4a. ed |
| Ngā marau: | |
| Ngā Tūtohu: |
Tāpirihia he Tūtohu
Kāore He Tūtohu, Me noho koe te mea tuatahi ki te tūtohu i tēnei pūkete!
|
MARC
| LEADER | 00000nam a2200000 a 4500 | ||
|---|---|---|---|
| 001 | UCO3171 | ||
| 003 | CL-VaPUC | ||
| 008 | 000714e19570000AG |||||||||||||||||spa|d | ||
| 082 | 0 | 4 | |a 982 |b PUI |2 21 |
| 100 | 0 | |a Puiggrós, Rodolfo |e author |9 447084 | |
| 245 | 1 | 0 | |a De la colonia a la revolución |
| 250 | |a 4a. ed | ||
| 300 | |a 293 p | ||
| 942 | |c BK | ||
| 945 | |d 20000714 00:00:00 |a rherrera | ||
| 260 | |a Buenos Aires |b Leviatan |c 1957 | ||
| 650 | 0 | |a Historia de Argentina |9 319851 | |
| 650 | 0 | |a Periodo Colonial |9 257430 | |
| 650 | 7 | |a INDEPENDENCIA DE ARGENTINA |2 CL-VaPUC |9 447085 | |
| 650 | 7 | |a ECONOMIA COLONIAL |2 CL-VaPUC |9 429051 | |
| 650 | 7 | |a SOCIEDAD COLONIAL |2 CL-VaPUC |9 447086 | |
| 651 | 0 | |a Argentina |9 254888 | |
| 583 | |a last modification |c 20000714 00:00:00 |k Rodrigo Vera | ||
| 999 | |c 289641 |d 289639 | ||
| 952 | |0 0 |1 0 |4 0 |6 982_000000000000000_PUI_1957 |7 0 |8 A |9 338211 |a BIBHIS |b BIBHIS |d 2019-11-20 |i 1299883 |o 982 PUI 1957 |p 1299883 |r 2025-01-20 |w 2019-11-20 |y BK |k HIS | ||